Countries That Border China - Sudden Death - Statistics

General Stats
  • This quiz has been taken 18 times
  • The average score is 8 of 11
Answers on the Grid
Answers color-coded by a green-red scale on the quiz's grid according to % correct below.
North Korea
Russia
South Korea
India
Japan
Bhutan
Bangladesh
United States
Vietnam
Philippines
Kazakhstan
Pakistan
Taiwan
Afghanistan
Egypt
Myanmar
Thailand
Mongolia
Indonesia
Malaysia
Australia
Nepal
 
Answer Stats
Answer % Correct
Russia
100%
North Korea
92%
India
85%
Vietnam
85%
Pakistan
77%
Kazakhstan
69%
Nepal
69%
Afghanistan
62%
Bhutan
62%
Mongolia
62%
Myanmar
54%
No matching quizzes found
Score Distribution
Percent of People with Each Score
Percentile by Number Answered
Your Score History
You have not taken this quiz